| 000 | 00639nam a22001937a 4500 | ||
|---|---|---|---|
| 999 |
_c167707 _d167707 |
||
| 005 | 20190917132153.0 | ||
| 010 | _aUR-10465 | ||
| 020 |
_c120.00 _a- |
||
| 035 | _aU-9020 | ||
| 037 |
_bDBAD/PUB _a- |
||
| 082 | _a840.8 | ||
| 100 | _aمحسن با عشن حسر ت | ||
| 245 |
_aآ ءينے تحر ير _cمحسن با عشن حسر ت |
||
| 246 |
_bAayeen-e-Tahreer Ke Urdu) _aby Mohsin Baeshin Hasrat |
||
| 260 |
_aKolkata _bAzha Publications _c2019 ء |
||
| 270 |
_a170,Keshab Chandra Sen Street _bKolkata _e700009 _k9062155855 _l- |
||
| 300 |
_a160 ص _c22 Cm(Hb) |
||
| 942 |
_2ddc _cUR _h840.8 _mم ح س |
||